000 00311nam a2200133Ia 4500
008 150201s1985 xx 000 0 und d
082 _a611.88
_bH85J
100 _aJOSEPH,J
245 _aHUMAN OSTEOLOGY
250 _a5TH
260 _bJAYPEE BROTHERS
_aDELHI
_c1985
650 _aHUMAN ANATOMY
942 _2ddc
_cBK
999 _c1018
_d1018